Writing systems used by more than 50,000 people worldwide - Statistics

General Stats
  • This quiz has been taken 105 times
  • The average score is 24 of 34
Answer Stats
Sample Type Active users Answer % Correct
العربية Abjad 828M Arabic
97%
Latin Alphabet 4.9B+ Latin
97%
汉字 漢字 Logography 1.5B Chinese
96%
Кирилица Alphabet 289M Cyrillic
92%
देवनागरी Abugida 480.5M Devanagari
92%
한글 Featural Alphabet 81.7M Hangul
91%
אלפבית עברי Abjad, Abugida, or Alphabet 9.3M Hebrew
91%
อักษรไทย Abugida 70M Thai
90%
Ελληνικά Alphabet 13.5M Greek
89%
தமிழ் Abugida 78.6M Tamil
89%
Հայոց գրեր Alphabet 5.4M Armenian
87%
ქართული Alphabet 3.7M Georgian
85%
ອັກສອນລາວ Abugida 7M Lao
85%
বাংলা Abugida 234M Bengali
82%
かな カナ Syllabary 123M Kana
82%
អក្សរខ្មែរ Abugida 16M Khmer
82%
မြန်မာ Abugida 39M Burmese
81%
ᠮᠣᠩᠭᠣᠯ (should be vertical) Alphabet 5.2M Mongolian
78%
བོད་ཡིག་ Abugida 6.2M Tibetan
77%
తెలుగు Abugida 83M Telugu
75%
የኣማርኛ ፊደል Abugida 41.85M Ge'ez
70%
ⵜⵉⴼⵉⵏⴰⵖ Abjad ??? Tifinagh
67%
ᖃᓂᐅᔮᖅᐸᐃᑦ ᒐᐦᑲᓯᓇᐦᐃᑫᐤ ᑯᖾᖹ ᖿᐟᖻ ᓱᖽᐧᖿ Abugida 70K Canadian Aboriginal Syllabics
66%
ગુજરાતી Abugida 57.1M Gujarati
65%
മലയാളം Abugida 38M Malayalam
61%
සිංහල Abugida 16M Sinhala
61%
ಕನ್ನಡ Abugida 45M Kannada
59%
ތާނަ އަލިފުބާގެ ތަރުތީބު Abugida 340K Thaana
57%
ଓଡ଼ିଆ Abugida 35M Odia
48%
ਗੁਰਮੁਖੀ Abugida 33.125M Gurmukhi
30%
ꆈꌠꁱꂷ Syllabary ??? Yi
27%
ꯃꯩꯇꯩ ꯃꯌꯦꯛ Abugida 2M Meitei
15%
ᱚᱞ ᱪᱤᱠᱤ Alphabet 7.3M Ol Chiki
15%
𑄌𑄋𑄴𑄟𑄳𑄦𑄃𑄧𑄏𑄛𑄖𑄴 Abugida 800K Chakma
9%
No matching quizzes found
Score Distribution
Percent of People with Each Score
Percentile by Number Answered
Your Score History
You have not taken this quiz